000 00192 a2200097 4500
020 _a078073003990
041 _aspa
100 _aGrace Maccarone
245 _aPica, pica, varicela
942 _cBK
999 _c29161
_d29159